00739nam a2200181 i 450000100060000000300090000600500170001500700030003200800410003504000200007610000430009624502190013925000400035826000690039830000330046765100360050085200210053668682ES-MaACL20251120063132.0t|960827s1900 sp a ||||1| spa d aCAM bspa cCAM1 aGestoso y Pérez, José, d1852-191710aGuía artística de Sevilla b: historia y descripción de sus monumentos religiosos y civiles y noticia de las preciosidades artístico-arqueológicas que en ellos se conservan / cpor José Gestoso y Perez. a4ª ed. ilustrada con fotograbados. aSevilla : b[s.n.], c1900 (fOficina de La Andalucía Moderna) a327, 6 p. : bil. ; c15 cm. 4aSevilla-vGuías turísticas. aES-MaACLjD-3322